50 million volunteers : a report on the role of voluntary organisations and youth in the environment (Record no. 414991)

000 -LEADER
fixed length control field 00655cam a22001577a 4500
008 - FIXED-LENGTH DATA ELEMENTS--GENERAL INFORMATION
fixed length control field 180718b1972 xxu||||| |||| 00| 0 eng d
082 ## - DEWEY DECIMAL CLASSIFICATION NUMBER
Classification number Q215x42 Un3
245 ## - TITLE STATEMENT
Title 50 million volunteers : a report on the role of voluntary organisations and youth in the environment
Statement of responsibility, etc. by Her Majesty's
260 ## - PUBLICATION, DISTRIBUTION, ETC.
Place of publication, distribution, etc. London
Name of publisher, distributor, etc. Her majesty's
Date of publication, distribution, etc. 1972
300 ## - PHYSICAL DESCRIPTION
Extent xv,103p
650 ## - SUBJECT ADDED ENTRY--TOPICAL TERM
Topical term or geographic name entry element Volunteer workers in environmental protection --Great Britain
650 ## - SUBJECT ADDED ENTRY--TOPICAL TERM
Topical term or geographic name entry element Young volunteers in social service --Great Britain
650 ## - SUBJECT ADDED ENTRY--TOPICAL TERM
Topical term or geographic name entry element Associations, institutions, etc. --Great Britain
650 ## - SUBJECT ADDED ENTRY--TOPICAL TERM
Topical term or geographic name entry element Environmental policy --Great Britain --Public opinion
700 ## - ADDED ENTRY--PERSONAL NAME
Personal name U.K. Her Majesty's
Holdings
Withdrawn status Lost status Damaged status Not for loan Permanent Location Current Location Date acquired Full call number Barcode Date last seen Price effective from Koha item type
        Indian Institute of Public Administration Indian Institute of Public Administration 2009-02-27 Q215x42 Un3 U187 2018-07-21 2018-07-21 U
        Indian Institute of Public Administration Indian Institute of Public Administration 2009-02-27 Q215x42 Un3 U167 2018-07-21 2018-07-21 U

Powered by Koha